| 000 | 00746nam a2200289 a 4500 | ||
|---|---|---|---|
| 003 | AR-BaBNM | ||
| 005 | 20251128210116.0 | ||
| 008 | 082120s2002 ||||||||||||||000 | spa|| | ||
| 020 | _a0-13-830027-5 | ||
| 040 | _cAR-BaBNM | ||
| 100 | 1 | _aCostinett, Sandra | |
| 245 | 0 | 0 |
_aSpectrum _ba communicative course in english 2B _n2 |
| 250 | _a1ª ed. | ||
| 260 |
_aLondon _bRegents/Prentice Hall _c1993 |
||
| 300 |
_a88 p. _bil. |
||
| 650 | 4 | _aLINGÜISTICA | |
| 650 | 4 | _aENSEÑANZA DE IDIOMAS | |
| 650 | 4 | _aINGLES | |
| 650 | 4 | _aGRAMATICA | |
| 650 | 4 | _aVOCABULARIO | |
| 650 | 4 | _aCONVERSACION | |
| 650 | 4 | _aLIBROS DE TEXTO | |
| 700 | 1 |
_aByrd, Donald R. _edirector |
|
| 700 | 1 |
_aVeltfort, Anna _edirector |
|
| 942 | _cBK | ||
| 998 | _cCarmen | ||
| 999 |
_c14079 _d14079 |
||